000 00323nam a22001337a 4500
020 _a9789693529425
040 _cNUST
082 _a891.4393
_bMUH
100 _aMuhammad Yahya Khan, Baba
_980876
245 _a Lay Baba Abbabeel
260 _aLAHORE
_bSang-E-Meel Publications
_c2016
300 _b1070P
942 _2ddc
_cBK
999 _c585862
_d585862